000 00534pab a2200193 454500
008 180718b2018 xxu||||| |||| 00| 0 eng d
100 _aRace, Leanne
245 _aYou have the right to remain silent: current provisions for D/deaf people within regional police forces in England and Wales
260 _c2018
300 _ap.64-88.
362 _aMar
650 _aD/deafness
650 _aPolice
650 _aCommunication
650 _aPolice
700 _aHogue, Todd E.
773 _aPolice Journal
909 _a117155
999 _c117149
_d117149